កុំបារម្ភអី / (Record no. 1689)
[ view plain ]
| 000 -LEADER | |
|---|---|
| fixed length control field | 02684nam a22003137a 4500 |
| 001 - CONTROL NUMBER | |
| control field | 1689 |
| 003 - CONTROL NUMBER IDENTIFIER | |
| control field | FISKH |
| 005 - DATE AND TIME OF LATEST TRANSACTION | |
| control field | 20230915125136.0 |
| 008 - FIXED-LENGTH DATA ELEMENTS--GENERAL INFORMATION | |
| fixed length control field | 230915b cb ||||| |||| 00| 0 khr d |
| 020 ## - INTERNATIONAL STANDARD BOOK NUMBER | |
| International Standard Book Number | 9789924340225 |
| 040 ## - CATALOGING SOURCE | |
| Original cataloging agency | FISKH |
| Language of cataloging | eng |
| Transcribing agency | FISKH |
| Modifying agency | FISKH |
| 082 ## - DEWEY DECIMAL CLASSIFICATION NUMBER | |
| Classification number | 973.7 |
| 100 ## - MAIN ENTRY--PERSONAL NAME | |
| Personal name | Chan |
| 245 ## - TITLE STATEMENT | |
| Title | កុំបារម្ភអី / |
| Statement of responsibility, etc. | និពន្ធ និងគូររូបដោយ ច័ន - បកប្រែពីភាសាបារាំងដោយ បេ ពុច |
| 250 ## - EDITION STATEMENT | |
| Edition statement | បោះពុម្ពលើកទី ២ ខែមិនា ឆ្នាំ ២០២០ |
| 260 ## - PUBLICATION, DISTRIBUTION, ETC. | |
| Place of publication, distribution, etc. | Phnom Penh : |
| Name of publisher, distributor, etc. | Sipar, |
| Date of publication, distribution, etc. | 2021. |
| 300 ## - PHYSICAL DESCRIPTION | |
| Extent | 116 pages : |
| Other physical details | color illustrations ; |
| Dimensions | 26 cm |
| 490 ## - SERIES STATEMENT | |
| Series statement | ឆ្នាំថោះ |
| Volume/sequential designation | ២ |
| 505 ## - FORMATTED CONTENTS NOTE | |
| Formatted contents note | Z'<br/> |
| 520 ## - SUMMARY, ETC. | |
| Summary, etc. | ប្រលោមលោកក្រាហ្វិកកើតឡើងនៅក្នុងភូមិរនាម ឆ្នាំ1975… នៅក្រោមរដ្ឋាភិបាលខ្មែរក្រហម គ្រួសាររបស់ Kim និង Vityea ត្រូវរៀនពីរបៀបរស់នៅជាប្រជាជនថ្មីដោយការដឹកនាំរបស់អង្គកា។ ការងារក្នុងស្រែ និងទំនប់ គឺជាការងារប្រចាំថ្ងៃសម្រាប់មនុស្សគ្រប់គ្នា។ មនុស្សត្រូវធ្វើការ ប៉ុន្តែពួកគេអាចមានតែចានគោមដក់បបររាវសុទ្ធតែទឹកក្នុងនោះ។ ការសង្ស័យ ការចោទប្រកាន់ធ្វើឲ្យមនុស្សមិនទុកចិត្តគ្នា។ |
| 520 ## - SUMMARY, ETC. | |
| Summary, etc. | A graphic novel taking place in Roneam in 1975. Under the government of the Khmer Rouge, Kim’s family and Vityea have to learn how to live as the new population by the guiding of Angkar. Working in the field and dam are daily jobs for everyone. People have to work but they can have only pudding with a lot of water in it. The suspicion, the accusation, makes people distrust each other. |
| 521 8# - TARGET AUDIENCE NOTE | |
| Target audience note | 920<br/> |
| Source | Lexile estimate<br/> |
| 521 8# - TARGET AUDIENCE NOTE | |
| Target audience note | Z'<br/> |
| Source | Raz-Plus<br/> |
| 650 ## - SUBJECT ADDED ENTRY--TOPICAL TERM | |
| Topical term or geographic name entry element | អង្គការ |
| Form subdivision | ធ្វើការធ្ងន់ |
| General subdivision | បបរទឹករាវ |
| Chronological subdivision | ភ្នែកម្នាស់ |
| 650 ## - SUBJECT ADDED ENTRY--TOPICAL TERM | |
| Topical term or geographic name entry element | Angkar |
| Form subdivision | Work hard |
| General subdivision | Pudding with a lot of water in it |
| Chronological subdivision | Pineapple eyes |
| 700 ## - ADDED ENTRY--PERSONAL NAME | |
| Personal name | Puch, Bae |
| Relator term | Translator |
| 700 ## - ADDED ENTRY--PERSONAL NAME | |
| Personal name | Chan |
| Relator term | illustrator |
| 942 ## - ADDED ENTRY ELEMENTS (KOHA) | |
| Source of classification or shelving scheme | Dewey Decimal Classification |
| Koha item type | Khmer Books |
| Suppress in OPAC | No |
| Withdrawn status | Lost status | Source of classification or shelving scheme | Damaged status | Not for loan | Collection | Home library | Current library | Shelving location | Date acquired | Total Checkouts | Full call number | Barcode | Date last seen | Date last checked out | Copy number | Price effective from | Koha item type |
|---|---|---|---|---|---|---|---|---|---|---|---|---|---|---|---|---|---|
| Dewey Decimal Classification | Khmer Language Books / សៀវភៅភាសាខ្មែរ | Footprints International School Library Network Toul Kork Campus | Footprints International School Library Network Toul Kork Campus | TK Campus, Room B402, Khmer Book Case 16, Shelves 112-123 / ទូរសៀវភៅខ្មែរលេខ ១៦ ធ្នើរ ១១២ ដល់ ១២៣ បន្ទប់ B402 សាខាទួលគោក | 09/15/2023 | 1 | CHA 973.7 | 2023-0615 | 03/05/2026 | 11/25/2025 | 2 | 09/15/2023 | Khmer Books | ||||
| Dewey Decimal Classification | Khmer Language Books / សៀវភៅភាសាខ្មែរ | Footprints International School Library Network Toul Tom Poung Campus | Footprints International School Library Network Toul Tom Poung Campus | TTP Secondary Khmer Bookshelves | 09/15/2023 | 2 | CHA 973.7 | 2023-0614 | 09/12/2025 | 09/12/2025 | 1 | 09/15/2023 | Khmer Books |
